000 00958nam a22002897a 4500
001 7831
003 FISKH
005 20250811143905.0
008 250811b cb ||||| |||| 00| 0 eng d
040 _aFISKH
_beng
_cFISKH
_dFISKH
050 _aPZ8.S76 B
082 _a398.2094402
100 _aStowell, Louie
245 _aBeauty & the beast /
_cRetold by Louie Stowell ; Illustrated by Victor Tavares
250 _aThis edition first published in 2006
260 _aLondon :
_bUsborne,
_c2006
300 _a64 pages :
_bcolor illustrations ;
_c20 cm
505 _aL
520 _aThrough her great capacity to love, a kind and beautiful maid releases a handsome prince from the spell which has made him an ugly beast.
521 8 _a510
_bLexile
521 8 _aL
_bRaz-Plus
650 _2Usborne
_aFairy tales
650 _2Leveled Readers
_aChapter book
700 _aTavares, Victor
_dillustrator
942 _2ddc
_cBK
_n0
999 _c7831
_d7831